Cancionero / (Record no. 185170)

MARC details
000 -LEADER
campo de control de longitud fija 01075nam a2200277 i 4500
001 - NÚMERO DE CONTROL
campo de control 185170
003 - IDENTIFICADOR DE NÚMERO DE CONTROL
campo de control SpMaBN
005 - FECHA Y HORA DE LA ÚLTIMA TRANSACCIÓN
campo de control 20231128132803.0
008 - DATOS DE LONGITUD FIJA--INFORMACIÓN GENERAL
campo de control de longitud fija 160331s2010 sp p |||| |dspa d
020 ## - NÚMERO INTERNACIONAL ESTÁNDAR DEL LIBRO
Número Internacional Estándar del Libro 978-84-7788-561-0
080 ## - NÚMERO DE LA CLASIFICACIÓN DECIMAL UNIVERSAL
Número de la Clasificación Decimal Universal 821.134.2-14"15"
100 1# - ENTRADA PRINCIPAL--NOMBRE DE PERSONA
Nombre de persona Horozco, Sebastián de (
Fechas asociadas al nombre ca.1510-1580)
9 (RLIN) 128030
245 10 - MENCIÓN DEL TÍTULO
Título Cancionero /
Mención de responsabilidad, etc. Sebastián de Horozco ; edición de José J. Labrador Herraiz, Ralph A. DiFranco, Ramón Morillo-Velarde Pérez.
260 ## - PUBLICACIÓN, DISTRIBUCIÓN, ETC.
Lugar de publicación, distribución, etc. Toledo :
Nombre del editor, distribuidor, etc. Consejería de Educación, Ciencia y Cultura de Castilla La Mancha,
Fecha de publicación, distribución, etc. 2010.
300 ## - DESCRIPCIÓN FÍSICA
Extensión 900 p. ;
Dimensiones 24 cm.
500 ## - NOTA GENERAL
Nota general Índices.
504 ## - NOTA DE BIBLIOGRAFÍA, ETC.
Nota de bibliografía, etc. Bibliografía: p. [819]-845.
700 1# - ENTRADA AGREGADA--NOMBRE PERSONAL
Nombre de persona Labrador Herraiz, José J.
9 (RLIN) 69288
700 1# - ENTRADA AGREGADA--NOMBRE PERSONAL
Nombre de persona DiFranco, Ralph A.
9 (RLIN) 44793
700 1# - ENTRADA AGREGADA--NOMBRE PERSONAL
Nombre de persona Morillo-Velarde Pérez, Ramón.
9 (RLIN) 159262
852 ## - LOCALIZACIÓN
Ubicación ES-MaACL
Número de control de estantería A-13669
itemnumber 192189
Sublocalización o colección R.151036
Ubicación en estantería Depósito 1
Signatura antigua Olim: N-6669
Donativo/Legado Donacion: Jose J. Labrador Herraiz
903 ## - NOMBRE PERSONAL DE DONANTE
9 69288
a Labrador Herraiz, José J.
e Donante
942 ## - ELEMENTOS DE ENTRADA SECUNDARIOS (KOHA)
Fuente del sistema de clasificación o colocación Clasificación decimal universal
Tipo de ítem Koha Libro impreso
Holdings
Estatus retirado Estado de pérdida Fuente del sistema de clasificación o colocación Estado de daño No para préstamo Biblioteca de origen Biblioteca actual Ubicación en estantería Fecha de adquisición Fuente de adquisición Total de préstamos Signatura topográfica completa Código de barras Visto por última vez Precio de reemplazo Tipo de ítem Koha
    Clasificación decimal universal     Biblioteca del Ateneo de Madrid Biblioteca del Ateneo de Madrid Depósito 1 31/03/2016 Donación   A-13669 1195050 23/02/2023 23/02/2023 Libro impreso